Fußballverein anhand Emoji erkennen - Statistiken

Allgemein
  • Dieses Quiz wurde 169 mal gespielt
  • Das Durchschnittsergebnis liegt bei 9 aus 11
Antwortstatistiken
Hint Antwort % Korrekt
🐝 Borussia Dortmund
94%
🐐 1 FC Köln
91%
👹 1 FC Kaiserslautern
85%
🦅 Eintracht Frankfurt
85%
🚗 VFL Wolfsburg
84%
🦖 Hamburger SV
80%
⚜️ SV Darmstadt
79%
💊 Bayer Leverkusen
77%
👵 Hertha BSC
75%
🦓 MSV Duisburg
75%
🐂 RB Leipzig
69%
Keine übereinstimmenden Quizze gefunden
Verteilung der Resultate
Anzahl Personen mit jedem Resultat
Perzentil nach korrekt beantworteten Fragen
Ihre Resultats-Entwicklung
Sie haben dieses Quiz noch nicht gespielt